Булгаковой Елене Константиновне

Доступно только в Электронных читальных залах Найти на картеНа карте
RUSMARC
00003848nac2a22002771x 450
0019535705c-6ac6-4d2f-a51b-b1f271cf2e31
00520131009220842.0
100##$a20130529l1894 k y0rusy50 ca
1010#$arus
102##$aRU
105##$ay z |||||
1220#$ad18940925
2001#$aБулгаковой Елене Константиновне
$j25 сентября 1884
215##$a2 листа
251##$cДело
300##$aЗаголовок дела на папке: Письмо Кони Анатолия Федоровича, Булгаковой Елене Константиновне
300##$aРукописный текст
330##$aПереписка А. Ф. Кони; Письма А. Ф. Кони
461#0$10013a54f2e3-e9cf-409b-80fa-f0a9bd3c40cb
$12001
$aКони Анатолий Федорович, юрист, литератор, член академии наук, председатель Санкт-Петербургского окружного суда, член государственного совета
$1251
$cФонд
$1852
$j564
462#0$100178a475cd-a47d-4377-bff3-cee4b81de655
$12001
$aОпись дел фонда А. Ф. Кони за 1880-1931 гг.
$1251
$cОпись
$1852
$j1
517##$aПисьмо Кони Анатолия Федоровича, Булгаковой Елене Константиновне
600#1$aКони
$bА. Ф.
$f1844-1927
$gАнатолий Федорович
600#1$aБулгакова
$bЕ. К.
$gЕлена Константиновна
801#0$aRU
$bGA_RF
801#1$aRU
$bНПО Опыт
$c20130529
$2rusmarc
801#2$aRU
$bПБ им. Б.Н. Ельцина
$c20131009
$gRCR
$2rusmarc
852##$aГА РФ
$j795
937##$d38787469
$hПБ
035##$aRuPRLIB51001435
Формат отображения